Soviet psychiatric abuse : (Record no. 9237)
[ view plain ]
| 000 -LEADER | |
|---|---|
| fixed length control field | 00922nam a22003011 4500 |
| 001 - CONTROL NUMBER | |
| JCCL Control Number | 9237 |
| 003 - CONTROL NUMBER IDENTIFIER | |
| JCCL marc code | BD - JhCC |
| 005 - DATE AND TIME OF LATEST TRANSACTION | |
| control field | 20190321094230.0 |
| 008 - FIXED-LENGTH DATA ELEMENTS--GENERAL INFORMATION | |
| fixed length control field | 921109s1985 xxuaf b 000 0 eng d |
| 020 ## - INTERNATIONAL STANDARD BOOK NUMBER | |
| International Standard Book Number | 0813302099 |
| 035 ## - SYSTEM CONTROL NUMBER | |
| system control number | (BD - JhCC)9237 |
| 040 ## - CATALOGING SOURCE | |
| Original cataloging agency | BD-JhCC |
| Modifying agency | BD-JhCC |
| 041 ## - LANGUAGE CODE | |
| Language code of Book | eng |
| 050 #0 - LIBRARY OF CONGRESS CALL NUMBER | |
| Classification number | RC451.S65 B55 1985 |
| 082 ## - DEWEY DECIMAL CLASSIFICATION NUMBER | |
| Author mark and Year | BLO 1985 |
| Classification number | 362.20947 |
| 100 1# - MAIN ENTRY--PERSONAL NAME | |
| Personal name | Bloch, Sidney. |
| 245 10 - TITLE STATEMENT | |
| Title | Soviet psychiatric abuse : |
| Remainder of title | the shadow over world psychiatry / |
| Statement of responsibility, etc | by Sidney Bloch and Peter Reddaway |
| 260 ## - PUBLICATION, DISTRIBUTION, ETC. (IMPRINT) | |
| Place of publication, distribution, etc | Boulder, Colo : |
| Name of publisher, distributor, etc | Westview, |
| Date of publication, distribution, etc | 1985, c1984 |
| 300 ## - PHYSICAL DESCRIPTION | |
| Pagination | 288 p., [16] p. of plates : |
| Other physical details | ill ; |
| Dimensions | 23 cm |
| 504 ## - BIBLIOGRAPHY, ETC. NOTE | |
| Bibliography, etc | Bibliography: p. [263]-278 |
| 504 ## - BIBLIOGRAPHY, ETC. NOTE | |
| Bibliography, etc | Includes index |
| 650 #0 - SUBJECT ADDED ENTRY--TOPICAL TERM | |
| Topical term or geographic name as entry element | Psychiatry |
| General subdivision | Political aspects |
| Geographic subdivision | Soviet Union. |
| 650 #0 - SUBJECT ADDED ENTRY--TOPICAL TERM | |
| Topical term or geographic name as entry element | Political prisoners |
| Geographic subdivision | Soviet Union |
| 650 #0 - SUBJECT ADDED ENTRY--TOPICAL TERM | |
| Topical term or geographic name as entry element | Dissenters |
| Geographic subdivision | Soviet Union |
| 700 1# - ADDED ENTRY--PERSONAL NAME | |
| Personal name | Reddaway, Peter. |
| 942 ## - ADDED ENTRY ELEMENTS (KOHA) | |
| Source of classification or shelving scheme | Dewey Decimal Classification |
| Koha item type | Books |
| Source of classification or shelving scheme | Damaged status | Not for loan | Home library | Current library | Shelving location | Total Checkouts | Full call number | Barcode | Date last seen | Copy number | Koha item type |
|---|---|---|---|---|---|---|---|---|---|---|---|
| Dewey Decimal Classification | JCC Rouf Library | JCC Rouf Library | General Stacks | 362.20947 BLO 1985 | 12361 | 03/12/2018 | C - 1 | Books |